[Event "AUTO-OPEN-3972"]
[Site "http://www.queenalice.com/game.php?id=1626372"]
[Date "2020.9.9"]
[Round "3"]
[White "Patolfo"]
[Black "MarcosT"]
[Result "1-0"]
[WhiteElo "2445"]
[BlackElo "1920"]

1. Nf3 Nc6 2. d4 d5 3. c4 Bg4 4. cxd5 Bxf3 5. gxf3 Qxd5 6. e3 e5 7. Nc3 Bb4 8.
Bd2 Bxc3 9. bxc3 Nf6 10. c4 Qd6 11. d5 Ne7 12. Rb1 b6 13. Bb4 c5 14. Bc3 O-O 15.
a4 a6 16. Be2 Nd7 17. a5 b5 18. cxb5 axb5 19. Bxb5 Rab8 20. Bc4 Rxb1 21. Qxb1
Rb8 22. Qd3 Nf6 23. a6 Qb6 24. d6 Nc6 25. O-O Rd8 26. Rd1 Nb8 27. Bxe5 Nbd7 28.
Bc3 Re8 29. Rb1 1-0

[Event "AUTO-OPEN-3972"]
[Site "http://www.queenalice.com/game.php?id=1626373"]
[Date "2020.9.9"]
[Round "3"]
[White "MarcosT"]
[Black "Patolfo"]
[Result "0-1"]
[WhiteElo "1947"]
[BlackElo "2443"]

1. e4 Nf6 2. e5 Nd5 3. c4 Nb4 4. a3 N4a6 5. d4 d6 6. Nf3 dxe5 7. Nxe5 g6 8. Be2
Bg7 9. Bf4 Nc6 10. Nxc6 bxc6 11. Bf3 O-O 12. Be5 Bxe5 13. dxe5 Nc5 14. Qxd8 Rxd8
15. O-O Nb3 16. Bxc6 Rb8 17. Ra2 Nd4 18. Ba4 Be6 19. b3 Nxb3 20. Bb5 c6 21. Bxc6
Bxc4 22. Re1 Nd4 0-1

[Event "AUTO-OPEN-3972"]
[Site "http://www.queenalice.com/game.php?id=1626374"]
[Date "2020.9.9"]
[Round "3"]
[White "Patolfo"]
[Black "maurice91"]
[Result "1-0"]
[WhiteElo "2442"]
[BlackElo "1814"]

1. e4 c6 2. d4 d5 3. Nc3 dxe4 4. Nxe4 Bf5 5. Nc5 Qc7 6. Bd3 e6 7. Bxf5 exf5 8.
Qe2+ Be7 9. Nh3 Nf6 10. O-O O-O 11. Bf4 Bd6 12. Ne6 Qe7 13. Bxd6 Qxd6 14. Nxf8
Kxf8 15. Qd3 g6 16. Qb3 b6 17. Ng5 Kg7 18. Qxf7+ Kh8 19. Ne6 Nh5 20. Qe8+ 1-0

[Event "AUTO-OPEN-3972"]
[Site "http://www.queenalice.com/game.php?id=1626375"]
[Date "2020.9.9"]
[Round "3"]
[White "maurice91"]
[Black "Patolfo"]
[Result "0-1"]
[WhiteElo "1790"]
[BlackElo "2444"]

1. d4 d5 2. Nf3 c5 3. c3 Nf6 4. Bf4 Nc6 5. e3 Qb6 6. b3 cxd4 7. cxd4 Bf5 8. Nbd2
Nb4 9. Rc1 Nxa2 10. Bc7 Qb4 11. Ra1 Nc3 12. Qc1 a5 13. Qa3 e6 14. Qxb4 Bxb4 15.
Bb5+ Nxb5 16. Bf4 Ne4 17. h3 Rc8 18. g4 Nxd2 19. Nxd2 Bd3 0-1

[Event "AUTO-OPEN-4044"]
[Site "http://www.queenalice.com/game.php?id=1628193"]
[Date "2020.9.26"]
[Round "3"]
[White "Patolfo"]
[Black "leeroy1"]
[Result "0-1"]
[WhiteElo "2432"]
[BlackElo "2273"]

1. Nf3 b6 2. e4 Bb7 3. Nc3 e6 4. d4 Bb4 5. Bd3 h6 6. O-O Nf6 7. e5 Nh5 8. g4 Nf6
9. exf6 Qxf6 10. Ne4 Bxe4 11. Bxe4 d5 12. Bd3 Bd6 13. c4 dxc4 14. g5 Qe7 15.
Bxc4 Kd7 16. Ne5+ Bxe5 17. dxe5+ Kc8 18. Qf3 c6 19. g6 Rf8 0-1

[Event "AUTO-OPEN-4044"]
[Site "http://www.queenalice.com/game.php?id=1628194"]
[Date "2020.9.26"]
[Round "3"]
[White "leeroy1"]
[Black "Patolfo"]
[Result "1-0"]
[WhiteElo "2254"]
[BlackElo "2446"]

1. Nc3 d5 2. e3 e5 3. Qf3 Nf6 4. h3 a6 5. d3 Be6 6. a3 Be7 7. Bd2 c5 8. Qg3 Nc6
9. Qxg7 Rg8 10. Qh6 Rg6 11. Qh4 Qc7 12. g4 d4 13. Nce2 Nxg4 14. Qxh7 Nf6 15. Qh4
O-O-O 16. exd4 Nxd4 17. Nxd4 Rxd4 18. f4 Ne4 19. Qh8+ Rd8 20. Qxe5 1-0

[Event "AUTO-OPEN-4443"]
[Site "http://www.queenalice.com/game.php?id=1811252"]
[Date "2023.5.5"]
[Round "1"]
[White "Patolfo"]
[Black "TammieM3ENF"]
[Result "1-0"]
[WhiteElo "2434"]
[BlackElo "1245"]

1. Nf3 e5 2. Nxe5 d5 3. d4 Ne7 4. g3 Bf5 5. Bg2 f6 6. Nd3 Bxd3 7. Qxd3 Nd7 8. e4
g5 9. exd5 Nxd5 10. Bxd5 Qe7+ 11. Qe3 h6 12. Bxb7 Rb8 13. Be4 f5 14. Bxf5 h5 15.
b3 h4 16. O-O Rh6 17. Qxg5 Qf7 18. Re1+ Re6 19. Bxe6 Qg7 20. Bg4+ Kf7 21. Qxg7+
Kxg7 22. Bxd7 Rd8 23. Bg4 hxg3 24. hxg3 c6 25. Bb2 Kg6 26. Re6+ Kf7 27. Rxc6 a5
28. Bh5+ Kg8 29. Nd2 Rd6 30. Rxd6 Bxd6 31. Re1 Bf8 32. Re8 a4 33. d5 a3 34. Bf6
Kh7 35. Rxf8 Kh6 36. Rh8# 1-0

[Event "AUTO-OPEN-4443"]
[Site "http://www.queenalice.com/game.php?id=1811253"]
[Date "2023.5.5"]
[Round "1"]
[White "TammieM3ENF"]
[Black "Patolfo"]
[Result "0-1"]
[WhiteElo "1259"]
[BlackElo "2432"]

1. d4 d5 2. e4 dxe4 3. f3 Nf6 4. Bf4 Nd5 5. fxe4 Nxf4 6. g3 Ng6 7. h4 e5 8. Ne2
exd4 9. Nxd4 Bc5 10. c3 Ne5 11. h5 Qg5 12. h6 Qxg3+ 13. Kd2 Qf4+ 14. Ke1 Bxd4
15. cxd4 Qe3+ 16. Be2 Nf3+ 17. Kf1 Bh3+ 18. Rxh3 Qg1# 0-1

[Event "AUTO-OPEN-4443"]
[Site "http://www.queenalice.com/game.php?id=1811254"]
[Date "2023.5.5"]
[Round "1"]
[White "Patolfo"]
[Black "clovis"]
[Result "1-0"]
[WhiteElo "2433"]
[BlackElo "1729"]

1. e4 d5 2. exd5 Qxd5 3. Nc3 Qd6 4. d4 Nc6 5. Nb5 Qd8 6. Bf4 e5 7. dxe5 Qxd1+ 8.
Rxd1 Bb4+ 9. c3 Ba5 10. Nf3 Nge7 11. e6 Bxe6 12. Bxc7 Rc8 13. Nd6+ Kd7 14. Bxa5
Nxa5 15. Nxb7+ 1-0

[Event "AUTO-OPEN-4443"]
[Site "http://www.queenalice.com/game.php?id=1811255"]
[Date "2023.5.5"]
[Round "1"]
[White "clovis"]
[Black "Patolfo"]
[Result "0-1"]
[WhiteElo "1760"]
[BlackElo "2435"]

1. e4 Nf6 2. Nc3 d6 3. Nf3 c5 4. Bb5+ Bd7 5. Bxd7+ Qxd7 6. d4 cxd4 7. Nxd4 g6 8.
O-O Bg7 9. Kh1 Nc6 10. f4 Nxe4 11. Nxc6 Nxc3 12. bxc3 Qxc6 13. f5 Bxc3 14. Rb1
Rc8 15. fxg6 hxg6 16. Rb3 b6 17. Bg5 Rh5 18. Qg4 Qc4 0-1

[Event "AUTO-OPEN-4447"]
[Site "http://www.queenalice.com/game.php?id=1812365"]
[Date "2023.5.23"]
[Round "1"]
[White "Patolfo"]
[Black "Kapablanca"]
[Result "1-0"]
[WhiteElo "2441"]
[BlackElo "2073"]

1. Nf3 g6 2. d4 Bg7 3. e4 d6 4. Bc4 Nf6 5. Qe2 O-O 6. e5 Ne8 7. h3 Nc6 8. O-O d5
9. Bb5 Bd7 10. Nc3 e6 11. Bxc6 Bxc6 12. Re1 a6 13. Bg5 Qd7 14. b3 b6 15. Bc1 Bb7
16. Ba3 1-0

[Event "AUTO-OPEN-4447"]
[Site "http://www.queenalice.com/game.php?id=1812366"]
[Date "2023.5.23"]
[Round "1"]
[White "Kapablanca"]
[Black "Patolfo"]
[Result "0-1"]
[WhiteElo "2071"]
[BlackElo "2442"]

1. d4 Nf6 2. c4 e5 3. dxe5 Ng4 4. Nf3 Bc5 5. e3 Nc6 6. h3 Ngxe5 7. Be2 Nxf3+ 8.
Bxf3 O-O 9. O-O Qh4 10. Nd2 d6 11. Bxc6 bxc6 12. Nf3 Qxc4 13. b3 Qe4 14. Bb2 f6
15. Rc1 Be6 16. Nd2 Qg6 17. Kh2 a5 0-1

[Event "AUTO-OPEN-4447"]
[Site "http://www.queenalice.com/game.php?id=1812367"]
[Date "2023.5.23"]
[Round "1"]
[White "Patolfo"]
[Black "MMA34"]
[Result "1-0"]
[WhiteElo "2438"]
[BlackElo "1877"]

1. d4 Nf6 2. c4 c5 3. d5 d6 4. Nc3 g6 5. e4 Bg7 6. Nf3 Bg4 7. Be2 Nbd7 8. O-O
O-O 9. h3 Bxf3 10. Bxf3 Re8 11. Bf4 a6 12. Be2 Rb8 13. Qc2 e5 14. Bg5 h6 15. Be3
b5 16. cxb5 axb5 17. Nxb5 Bf8 18. a4 Ra8 19. Rfc1 1-0

[Event "AUTO-OPEN-4447"]
[Site "http://www.queenalice.com/game.php?id=1812368"]
[Date "2023.5.23"]
[Round "1"]
[White "MMA34"]
[Black "Patolfo"]
[Result "0-1"]
[WhiteElo "1842"]
[BlackElo "2437"]

1. e4 e6 2. d4 d5 3. exd5 exd5 4. Bd3 Nf6 5. Bg5 Be7 6. Ne2 O-O 7. O-O Re8 8.
Re1 h6 9. Bh4 c5 10. c3 Bg4 11. f3 Bd7 12. Bf2 Qb6 13. Qc2 c4 14. Bf5 Bxf5 15.
Qd2 Nbd7 16. Na3 Nh5 17. g4 Bg5 18. Qd1 Bd3 19. gxh5 Qxb2 0-1

[Event "AUTO-OPEN-4447"]
[Site "http://www.queenalice.com/game.php?id=1812369"]
[Date "2023.5.23"]
[Round "1"]
[White "Patolfo"]
[Black "Canaye"]
[Result "1-0"]
[WhiteElo "2440"]
[BlackElo "1899"]

1. e4 e6 2. d4 d5 3. Nc3 dxe4 4. Nxe4 Nd7 5. g3 Ngf6 6. Nxf6+ Nxf6 7. Bg2 c5 8.
Nf3 cxd4 9. Qxd4 Be7 10. Qxd8+ Bxd8 11. O-O O-O 12. c4 Be7 13. Bf4 Bd7 14. Ne5
Bc8 15. Rad1 Bc5 16. Rd3 Rb8 17. Nxf7 Rxf7 18. Bxb8 Nd7 19. Bf4 h6 20. Be3 Bxe3
21. fxe3 b6 22. Bc6 Rxf1+ 23. Kxf1 Nf8 24. Rd8 Ba6 25. b3 Kf7 26. Ra8 1-0

[Event "AUTO-OPEN-4447"]
[Site "http://www.queenalice.com/game.php?id=1812370"]
[Date "2023.5.23"]
[Round "1"]
[White "Canaye"]
[Black "Patolfo"]
[Result "0-1"]
[WhiteElo "1917"]
[BlackElo "2436"]

1. d4 d5 2. c4 e5 3. cxd5 Qxd5 4. dxe5 Qxe5 5. Nc3 Bb4 6. Bd2 Nf6 7. Nf3 Qe7 8.
e3 O-O 9. Bc4 Bg4 10. O-O Rd8 11. Qe2 Bxf3 12. gxf3 Nc6 13. a3 Ne5 14. Bxf7+
Qxf7 15. axb4 Rxd2 0-1

[Event "Challenge"]
[Site "http://www.queenalice.com/game.php?id=1814191"]
[Date "2023.6.17"]
[Round "-"]
[White "The_knight"]
[Black "Patolfo"]
[Result "0-1"]
[WhiteElo "2136"]
[BlackElo "2444"]

1. e4 Nf6 2. e5 Nd5 3. c4 Nb4 4. d4 c5 5. d5 g6 6. Nc3 Bg7 7. Nf3 d6 8. a3 N4a6
9. b4 Nd7 10. Bd2 O-O 11. b5 Nab8 12. e6 fxe6 13. Ng5 Nb6 14. dxe6 Rf5 15. Qg4
Qf8 16. Be2 h6 17. Nge4 Bxe6 18. Qxg6 Qf7 19. Qg3 Kh7 20. Qh4 Bxc4 21. g4 Re5
22. f4 Rxe4 23. Nxe4 Kg8 24. Rd1 Bd5 25. Ng3 Bxh1 0-1